Medieval maps : an introduction
| Published in: | The history of cartography, J.B. Harley and David Woodward, Chicago [etc.], P. 283-285 |
|---|---|
| Main Author: | |
| Content type: | Article |
| Published: |
1987
|
| Source: | MPIPL_cat |
MARC
| LEADER | 00000naa a2200000 u 4500 | ||
|---|---|---|---|
| 001 | PL0053672 | ||
| 003 | PLI01000000000000000053353 | ||
| 005 | 00000000000000.0 | ||
| 008 | ||| u | ||
| 100 | 1 | |a Harvey, Paul D.A. | |
| 245 | 0 | 0 | |a Medieval maps |b an introduction |c P.D.A. Harvey |
| 260 | |c 1987 | ||
| 696 | |a Harvey, Paul Dean Adshead | ||
| 773 | 0 | 8 | |t The history of cartography |a J.B. Harley and David Woodward |d Chicago [etc.] |g P. 283-285 |w MPIPL_cat.PL0053653 |z 0-226-31633-5 |i In: |
| 952 | |h P. 283-285 | ||
| 996 | |a Aufsatz | ||
| 997 | |a book chapter | ||